000 00705nam a2200181 i 4500
001 bg
245 0 _aPoradnik inżyniera - odlewnictwo.
_nT. 2,
_pSpecjalne metody odlewania, oczyszczanie i obróbka cieplna odlewów, kontrola jakości i naprawa odlewów, optymalizacja procesów odlewniczych, transport pneumatyczny, gospodarka energomechaniczna, ochrona środowiska /
_c[aut. t.1 i 2 Adam Baranowski i in.].
250 _a[Wyd.2].
260 _aWarszawa :
_bWydawnictwa Naukowo-Techniczne,
_c1986.
300 _c24 cm.
650 9 _aOdlewnictwo
655 _aPoradniki
700 1 _aBARANOWSKI, Adam.
040 _cBPK
041 _apol
942 _cKS
008 s pl f |000 0 pol
999 _c28390
_d28390
856 _uhttp://koha.tu.koszalin.pl/cgi-bin/koha/opac-detail.pl?biblionumber=28390
_yKatalog online BPK